000 00700nam a2200289Ia 4500
005 20260324131601.0
008 008 260324s9999 xx 000 0 eng d
020 _a9781351150002
037 _aEBOOK
040 _aCRL
040 _beng
040 _cCRL
041 _2eng
041 _aeng
084 _qCRL
100 _aEric J. Mitnick
_91186049
245 0 _aRights, Groups, and Self-Invention
245 0 _bGroup-Differentiated Rights in Liberal Theory
260 _bTaylor and Francis
260 _c2006
365 _a
365 _b230
856 _uhttp://www.taylorfrancis.com/books/9781351150002
942 _cEBOOK
999 _c1783357
_d1783357